000 00784nam a22002657a 4500
001 00745
003 DO-SdBPM
005 20250822112349.0
007 00745
008 160711b2006 sp 00| 0 spa d
020 _a8466319999
040 _aDO-SdBPM
_bspa
_cBPMSU
082 4 _a813.5
_bH638m 2006
_222
100 1 _aHighsmith, Patricia
_d1921-1995.
245 1 0 _aMar de fondo /
_cPatricia Highsmith ; traducción Marta Sánchez Martín.
260 _aMadrid :
_bPunto de lectura,
_c2006.
300 _a396 p. ;
_c19 cm.
490 0 _aZona negra,
_v3
590 _aInventariado, 2025/VM
650 4 _aNovela estadounidense
650 4 _aLiteratura estadounidense
700 1 _aSánchez Martín, Marta,
_etraductor
910 _aVMateo V. Control de calidad. BPMSU
942 _2ddc
_cBK
999 _c10804
_d10804